000 00866cam a2200289 4500
001 25441
003 BD-RjUL
005 20211209050859.0
008 160802s1970 ii 001 0 eng d
035 _a(BD-RjUL)25511
040 _aDLC
_cDLC
_dDLC
_dBD-RjUL
_beng
041 _aeng
082 0 0 _a342.54023
_bSHO 1970
110 1 _aIndia (Republic).
_kConstitution.
_9141660
245 1 0 _aShorter Constitution of India /
_cby Durga Das Basu.
250 _a6th ed.
260 _aCalcutta,
_bS. C. Sarkar,
_c1970.
300 _alxxiii, 837, 123 p. ;
_c25 cm.
350 _aRs50.00
500 _aCover title: Basu's Shorter Constitution of India.
504 _aIncludes Index
650 0 _aConstitutions
_zIndia.
_913750
700 1 _aBasu, Durga Das,
_d1910-
_eed.
_914322
740 _aBasu's Shorter Constitution of India.
942 _2ddc
_cBK
999 _c25441
_d25441